Eight types of bears - Statistics

General Stats
  • This quiz has been taken 37 times
  • The average score is 5 of 8
Answer Stats
Hint Answer % Correct
# Polar Bear
94%
# Brown Bear
88%
# Giant Panda
85%
# Sun Bear
62%
# Sloth Bear
44%
# Spectacled Bear
41%
# American Black Bear
35%
# Asiatic Black Bear
26%
No matching quizzes found
Score Distribution
Percent of People with Each Score
Percentile by Number Answered
Your Score History
You have not taken this quiz